[Event "Belgrade Investbank"]
[Site "Belgrade"]
[Date "1997.11.13"]
[Round "3"]
[White "Kovacevic, Aleksandar"]
[Black "Georgiev, Kiril"]
[Result "0-1"]
[WhiteElo "2525"]
[BlackElo "2670"]
[Annotator "Mueller,Karsten"]
[PlyCount "94"]
[EventDate "1997.11.11"]
[EventType "tourn"]
[EventRounds "9"]
[EventCountry "YUG"]
[EventCategory "18"]
[SourceTitle "CBM 062"]
[Source "ChessBase"]
[SourceDate "1998.01.31"]
[SourceVersion "1"]
[SourceVersionDate "1998.01.31"]
[SourceQuality "1"]

1. e4 {Ftacnik} d5 2. exd5 Qxd5 3. Nc3 Qd8 (3... Qa5 {ist die Hauptfortsetzung,
auch}) (3... Qd6 {wird hin und wieder gespielt.}) 4. d4 Nf6 5. Nf3 Bg4 6. h3
Bxf3 (6... Bh5 7. g4 (7. Be3 {Ftacnik} e6 8. a3 c6 9. Bd3 Bd6 10. g4 Bg6 11.
Ne5 Nbd7 12. f4 Bxd3 13. Qxd3 h5 14. g5 Nd5 15. Nxd5 cxd5 16. g6 Qh4+ 17. Bf2
Qxf4 18. gxf7+ Kd8 19. Ng6 Qh6 20. Nxh8 Qxh8 21. Bh4+ {Paldus,P-Duran,T/
Klatovy op-A 1997/1-0 (47)}) (7. Bf4 e6 8. Be2 Bd6 9. Ne5 Bg6 10. Bf3 c6 11.
Qe2 Bb4 12. O-O Nbd7 13. Nxg6 hxg6 14. d5 cxd5 15. Nxd5 Nxd5 16. Bxd5 Qb6 17.
Rfd1 O-O 18. Bf3 {1-0 Micheli,C-Estimo,N/Haifa olm 1976/ (32)}) 7... Bg6 8. Ne5
e6 9. Bg2 c6 (9... Nd5 10. Nxd5 exd5 11. Qe2 Be7 12. Qb5+ Nd7 13. Nxg6 hxg6 14.
Qxd5 c6 15. Qf3 O-O 16. O-O Nb6 17. c3 Re8 18. Bf4 Qd7 19. Rad1 {1-0 Reimer,
W-Voelzke,K/RLNN 1988/ (38)}) 10. O-O Nbd7 11. Qe2 Nxe5 12. dxe5 Nd7 (12... Nd5
13. Ne4 Bxe4 14. Qxe4 $14 {Hitzgerova,G-Duran,T/Klatovy op-A 1997/EXT 97/0-1 
(43)} (14. Qxe4 Bc5 15. a3 a5 16. Rd1 Qh4 17. Qe2 h5 18. c4 hxg4 19. cxd5 gxh3
20. Bf3 Bxf2+ 21. Qxf2 h2+ 22. Kf1 h1=Q+ 23. Bxh1 Qxh1+ 24. Ke2 Qh5+ 25. Qf3
Qxe5+ {Hitzgerova,G-Duran,T/Klatovy op-A 1997/0-1 (43)})) 13. Ne4 h5 14. Bf4
hxg4 15. hxg4 Qa5 16. Rad1 O-O-O 17. a3 Be7 18. Nd6+ Bxd6 19. Rxd6 $14 {
Chandler,M-Santo Roman,M/Cannes team60 1992/CBM 28/[Blatny,P]/1-0 (44)}) 7.
Qxf3 c6 8. Be3 e6 9. O-O-O (9. Bd3 Nbd7 10. O-O Be7 (10... Qc7 {Ftacnik} 11.
Ne2 Nd5 12. Bd2 Nb4 13. Bc4 Nf6 14. a3 Nbd5 15. Bb3 b5 16. Rac1 b4 17. c4 bxc3
18. Nxc3 Qd7 19. Ba4 Rc8 20. Nxd5 Nxd5 21. Rc4 Bd6 22. Rfc1 Ne7 23. Bxc6 Nxc6
24. Rxc6 Rxc6 25. Qxc6 Qxc6 26. Rxc6 {Tzermiadianos,A-Makropoulou,M/GRE-ch
1994/1-0 (74)}) 11. Rad1 Qa5 12. Qg3 O-O 13. Qh4 Qh5 14. Qxh5 Nxh5 15. Ne4 Nhf6
16. c3 $14 {1/2-1/2 Aronian,L-Collas,D/Cannes op 1996/EXP 51 (17)} (16. c3 Nxe4
17. Bxe4 Nf6 18. Bf3 {1/2-1/2 Aronian,L-Collas,D/Cannes op 1996/})) 9... Bb4
10. Bd2 (10. Bc4 {Ftacnik} Bxc3 11. bxc3 Qa5 $36) 10... O-O (10... Qxd4 $6 {
sieht äußerst riskant aus, z.B.} 11. Nb5 (11. Bh6 {Ftacnik} Qe5 12. Bxg7 $5
Qg5+ $19) 11... Qb6 (11... Bxd2+ 12. Rxd2 Qb6 13. Nd6+ Kf8 14. g4 $40) (11...
cxb5 $2 12. Qxb7 O-O 13. Bxb4 Qxb4 14. Qxa8 $18) 12. Be3 (12. Bxb4 $2 cxb5 13.
Ba5 Qxa5 14. Qxb7 O-O 15. Qxa8 Qxa2 $13) 12... Qa5 13. c3 cxb5 14. Qxb7 O-O 15.
Qxa8 Bxc3 16. Qxa7 Qb4 (16... Na6 $5) 17. Qa3 $16) 11. g4 $6 {Warum den d4
opfern ?} (11. Ne4 $14) (11. Ne4 {Ftacnik} Bxd2+ 12. Rxd2 Nxe4 13. Qxe4 Nd7 $11
) 11... Qxd4 12. Bd3 $6 (12. g5 $5 Nfd7 (12... Nd5 $2 13. Nxd5 cxd5 14. c3 Qc5
15. Kb1 Ba5 16. b4 Qb6 17. Ka1 $16) 13. h4 $44) 12... Nbd7 13. Bf4 (13. g5 $2
Ne5 $1 $17) 13... Qb6 {White has lost a pawn and still has to cope with
opponents attack. Weiß hat einen Bauern verloren und muß zusätzlich noch einen
Angriff abwehren.} (13... Bxc3 $5 14. bxc3 (14. Bxh7+ $2 Nxh7 15. Rxd4 Bxd4 16.
Rd1 e5 $17) 14... Qa4 {kam auch in Betracht.} (14... Qa4 {Ftacnik} 15. Kb2 $15)
) (13... Ne5 $2 14. Bxh7+ Kxh7 15. Qg3 $40) 14. Ne2 Rfd8 15. h4 (15. g5 {
Ftacnik} Nd5 16. Qh5 Nf8 $17) 15... Qa5 16. c3 (16. Kb1 {Ftacnik} Ne5 17. Bxe5
Qxe5 $17) 16... Be7 17. Bb1 Ne5 18. Bxe5 (18. Qg3 {Ftacnik} Nc4 $17 (18...
Nexg4 $2 19. f3 e5 20. Bd2 $14)) 18... Qxe5 $17 {Weiß hat keine ausreichende
Kompensation für den Bauern und Georgiev bringt die Sache im folgenden sicher
nach Hause.} 19. g5 Rxd1+ 20. Rxd1 Nd5 21. Rd4 (21. Qd3 {Ftacnik} g6 22. Qf3
Rd8 $17) 21... g6 22. Bc2 Rd8 23. a3 Rd7 24. Re4 Qd6 25. Kb1 Bf8 (25... b5 $5 {
Ftacnik} 26. Ka2 a5 $17) 26. h5 Qe7 27. Qg3 Rd8 28. f4 Qc7 29. Nd4 Bg7 30. h6 (
30. hxg6 {Ftacnik} hxg6 $17) 30... Bf8 (30... Bxd4 {Ftacnik} 31. Rxd4 c5 32.
Rd1 Rc8 $17) 31. Ka2 Bd6 32. Ne2 Qa5 (32... b5 $1 {Ftacnik}) 33. Qf2 Qb6 34.
Qf3 (34. Qxb6 {Ftacnik} Nxb6 35. b4 Bc7 $17) 34... Bf8 (34... Bc7 {Ftacnik} 35.
c4 Ne7 36. Qc3 Nf5 37. Ng3 $132) 35. Ng3 (35. Nd4 {Ftacnik} Qc7 36. c4 Nxf4 37.
Rxf4 e5 38. Nxc6 bxc6 39. Rf6 Rd2 $17) 35... Qc5 36. Bb3 b5 {Georgiev have
waited with the opening of the queenside quite long, but he could not have won
without it. Georgiev hat mit der Öffnung des Damenflügels ziemlich lange
gewartet, aber die Partie war ohne den Marsch nicht zu gewinnen.} 37. Re2 (37.
c4 {Ftacnik} bxc4 38. Rxc4 Qb6 $17) 37... a5 38. Ne4 Qa7 39. Rd2 (39. Bxd5 {
Ftacnik} cxd5 40. Nf6+ Kh8 41. Rd2 Qc7 $17) 39... Be7 40. Qg4 Qe3 41. Bxd5 cxd5
(41... Rxd5 {Ftacnik} 42. Re2 Qc1 43. Nf6+ Bxf6 44. gxf6 Rd1 45. Rxe6 Qb1+ 46.
Kb3 a4+ 47. Kb4 Qxb2+ 48. Ka5 Qxc3+ 49. Kb6 Rd8 $19) 42. Re2 Qb6 (42... Qd3 {
Ftacnik} 43. Nf6+ Bxf6 44. gxf6 b4 $19) 43. Nf6+ Kh8 (43... Bxf6 {Ftacnik} 44.
gxf6 b4 45. f5 exf5 46. Qd4 Qxd4 47. cxd4 Kf8 $19) 44. f5 gxf5 (44... exf5 $2 {
Ftacnik} 45. Rxe7 $1 fxg4 46. Rxf7 Qxf6 $8 47. gxf6 $1 (47. Rxf6 Re8 48. Rd6 g3
$17) 47... g3 48. Re7 Kg8 49. Rg7+ Kh8 (49... Kf8 50. Rxh7 g2 51. Rh8+ Kf7 52.
Rxd8 g1=Q 53. h7 $18) 50. Re7 Kg8 51. Rg7+ $11) 45. Qh5 b4 46. Rg2 (46. Qxf7 $2
b3+ 47. Kb1 Qg1+ 48. Re1 Qxe1#) (46. axb4 {Ftacnik} axb4 47. Kb1 b3 48. Kc1
Qg1+ 49. Kd2 d4 $19) (46. b3 {Ftacnik} Qa6 (46... Bxf6 47. gxf6 Rf8 48. Rg2 Qd8
$19) 47. Nxd5 Rxd5 48. c4 a4 49. cxd5 axb3+ 50. Kxb3 Qd3+ $19) 46... b3+ 47.
Ka1 Qe3 (47... Qe3 {Ftacnik} 48. Qd1 d4 (48... Bxf6 49. gxf6 Qxh6 $19) 49. Qxb3
dxc3 50. Ka2 Qe5 $19) 0-1

[Event "Krynica zt"]
[Site "Krynica"]
[Date "1998.09.04"]
[Round "3"]
[White "Nisipeanu, Liviu Dieter"]
[Black "Stefanova, Antoaneta"]
[Result "1/2-1/2"]
[WhiteElo "2575"]
[BlackElo "2470"]
[Annotator "Mueller,Karsten"]
[PlyCount "39"]
[EventDate "1998.09.02"]
[EventType "swiss"]
[EventRounds "9"]
[EventCountry "POL"]
[SourceTitle "CBM 067"]
[Source "ChessBase"]
[SourceDate "1998.11.30"]
[SourceVersion "2"]
[SourceVersionDate "1998.11.01"]
[SourceQuality "1"]

1. e4 d5 2. exd5 Qxd5 3. Nc3 Qa5 4. d4 c6 5. Nf3 Bf5 6. Bc4 e6 7. Bd2 Nf6 8.
Nd5 Qd8 9. Nxf6+ gxf6 10. Qe2 $6 $146 {dieses Bauernopfer hat sich bisher noch
niemand getraut.} ({Zu} 10. c3 {(siehe z.B. R.Mainka-A.Stefanova in dieser CBM
Ausgabe)}) (10. Bf4) (10. Bb3) (10. O-O) ({und} 10. Be3 {habe ich Partien in
meiner Datenbank gefunden.}) 10... Bxc2 11. O-O Be7 12. Bh6 Bg6 13. Rad1 Nd7
14. d5 $5 {jetzt oder nie} cxd5 15. Bxd5 Qb6 (15... exd5 {sieht zwar riskant
aus, konnte von mir aber nicht widerlegt werden, z.B.} 16. Rxd5 Qb6 17. Rfd1 $5
(17. Re1 $6 Qe6 18. Qb5 (18. Qd2 Be4) 18... a6 {und die weiße Kompensation
dürfte jeweils nicht ausreichen.}) 17... Rd8 18. Rd6 Qc7 19. Bg7 Rg8 20. Bxf6
Nxf6 21. Rxd8+ Qxd8 22. Rxd8+ Kxd8 23. Qe5 $13) 16. Be4 (16. Bb3 $5) 16... Nc5
17. Bxg6 hxg6 18. Be3 a5 19. Qc2 Rc8 20. Nd2 {mir scheint die weiße
Kompensation für den Bauern nicht ganz ausreichend zu sein. War die Schwarze
mit einem Remis gegen einen um 105 Elopunkte stärkeren Gegner zufrieden ?}
1/2-1/2

[Event "Herzliya"]
[Site "Herzliya"]
[Date "1998.09.12"]
[Round "7"]
[White "Liss, Eran"]
[Black "Afek, Yochanan"]
[Result "1-0"]
[WhiteElo "2505"]
[BlackElo "2375"]
[Annotator "Mueller,Karsten"]
[PlyCount "39"]
[EventDate "1998.09.??"]
[EventType "tourn"]
[EventRounds "11"]
[EventCountry "ISR"]
[EventCategory "10"]
[SourceTitle "EXT 1999"]
[Source "ChessBase"]
[SourceDate "1998.11.16"]
[SourceVersion "1"]
[SourceVersionDate "1998.11.16"]
[SourceQuality "1"]

1. e4 d5 2. exd5 Nf6 3. d4 Bg4 4. Nf3 Qxd5 5. Be2 Nc6 6. h3 Bxf3 7. Bxf3 Qd7 (
7... Qd6 8. c3 O-O-O 9. O-O e5 10. Qb3 exd4 11. cxd4 Qe6 12. Be3 $6 {1/2-1/2
Magem Badals,J-Arizmendi Martinez,J/Pamplona 1997/CBM 63/[Mueller,Karsten] (20)
danach hat Weiß keinerlei Vorteil, er hätte meines Erachtens} (12. Qxe6+ fxe6
13. Bxc6 bxc6 14. Be3 $14 {[%csl Ya7,Yc6,Yc7,Ye6][%cal Gc1c6] versuchen sollen.
})) (7... Qxd4 $4 8. Bxc6+ $18) 8. c3 e5 9. O-O exd4 (9... O-O-O 10. Qb3 e4 11.
Be2 a6 $6 12. Qc2 Bd6 13. Bg5 $14 {Perez,R-Sariego,W/Bayamo 1996/Inf 68/
[Nogueiras,J] (19)}) 10. Re1+ Be7 11. Qb3 $5 {richtet sich gegen beide Rochaden
} (11. cxd4 Nxd4 12. Bxb7 Rb8 13. Ba6 O-O 14. Nc3 Rfd8 $11 {/+/= 1-0 Fernandes,
A-Damaso,R/POR-ch plof 1992/EXT 92ch (61)}) 11... Rb8 (11... O-O-O $6 12. Bxc6
bxc6 13. cxd4 $40) (11... O-O $2 12. Qxb7 Nd5 13. Qb5 $16) (11... dxc3 $2 12.
Qxb7 Rb8 13. Qxc6 cxb2 14. Bxb2 Rxb2 15. Qa8+ Qd8 16. Bc6+ Kf8 (16... Nd7 17.
Qxa7 $16) 17. Qxa7 $16) 12. Bxc6 Qxc6 13. Bg5 {Weiß setzt konsequent auf die
Entfaltung seiner Initiative, statt sich den Bauern mit} (13. cxd4 O-O 14. Nc3
{zurückzuholen.}) 13... h6 14. Bh4 (14. Qa3 $2 O-O $1 {läßt den König
entkommen.}) 14... Kf8 $6 (14... g5 15. Bg3 d3 16. Nd2 Rd8 17. Re3 $40) (14...
Rd8 $142 $5) 15. cxd4 Rd8 16. Nd2 Rxd4 $2 {das geht zu weit. Die Lage war zwar
schwierig, aber wohl noch nicht hoffnungslos, z.B.} (16... Qd5 17. Nc4 $36) (
16... g5 $6 17. Bg3 Nd5 18. Rac1 Qb6 19. Bxc7 Nxc7 20. Qxb6 axb6 21. Rxc7 Bb4
22. Re2 Rxd4 23. Nf1 $16) (16... Qb6 $5 17. Rac1 $14 (17. Qxb6 axb6 18. Nf3 g5
19. Bg3 Nd5 $11) (17. Qe3 Bb4 $132)) {[%tqu "De","Wie kann der Bauernraub
bestraft werden ?","Einige Figuren bei Schwarz sind ungedeckt...","Auf
sofortiges De3 geht noch Td7","e1e7","",6]} 17. Rxe7 $1 {[%mdl 64]} Nd5 (17...
Kxe7 18. Qe3+ $18) (17... Qd5 18. Rxc7 Rxd2 19. Qxd5 Rxd5 20. Rc8+ Ne8 21. Re1
$18) (17... Rxd2 $2 18. Qxf7#) 18. Nf3 Rxh4 19. Rxf7+ Kg8 $6 (19... Kxf7 20.
Ne5+ Kg8 21. Nxc6 bxc6 22. Qc2 $18) 20. Rxc7 $1 (20. Rxc7 Qe6 (20... Qxc7 21.
Qxd5+ Kh7 22. Nxh4 $18) 21. Rc8+ $18) 1-0

[Event "Harplinge"]
[Site "Harplinge"]
[Date "1998.08.23"]
[Round "9"]
[White "Schmaltz, Roland"]
[Black "Sutovsky, Emil"]
[Result "0-1"]
[WhiteElo "2520"]
[BlackElo "2575"]
[Annotator "Mueller,Karsten"]
[PlyCount "78"]
[EventDate "1998.08.15"]
[EventType "tourn"]
[EventRounds "9"]
[EventCountry "SWE"]
[EventCategory "12"]
[SourceTitle "CBM 067"]
[Source "ChessBase"]
[SourceDate "1998.11.30"]
[SourceVersion "2"]
[SourceVersionDate "1998.11.01"]
[SourceQuality "1"]

1. e4 d5 2. exd5 Nf6 3. d4 Qxd5 4. Nc3 Qa5 5. g3 $6 $146 {der Bauer d4 neigt
nun doch sehr zur Schwäche} Bg4 6. Nf3 Nc6 7. h3 Bxf3 8. Qxf3 O-O-O (8... Nxd4
$2 9. Qxb7 Rd8 10. Bb5+ Nxb5 11. Qxb5+ Qxb5 12. Nxb5 $14 {/+/-}) 9. Bg2 Qa6 $1
10. Ne2 Nxd4 11. Nxd4 Rxd4 12. Be3 Rd6 $6 (12... Rd7 $5) 13. c4 Qa5+ 14. Kf1 c6
15. Kg1 h5 $5 {die Partie verläuft weiterhin in sehr unkonventionellen Bahnen.
Mir mißfällt allerdings, daß der Läufer f8 zur Zeit nicht am Spiel teilnimmt.}
16. a3 Qe5 17. Rb1 Rd3 18. Qe2 Rb3 19. Bf3 h4 20. g4 e6 21. Kg2 Bd6 22. Bxa7
Rd8 23. Qc2 Rxf3 {dieses erste Opfer ist mehr oder weniger erzwungen} 24. Kxf3
Nxg4 $5 {[%mdl 512] hat mich hingegen überrascht. Der schwarze Angriff ist
erstaunlich gefährlich. Da ich selbst in der Analyse Probleme habe, eine
Fortsetzung für Weiß zu empfehlen, dürfte die Aufgabe für Roland Schmaltz am
Brett sehr schwierig gewesen sein.} (24... Bxa3 $6 25. Bb6 (25. bxa3 $2 Rd2 $1
26. Rhe1 (26. Qxd2 $4 Qe4#) 26... Qxe1 27. Rxe1 Rxc2 $17) (25. Rhe1 $5) 25...
Rd2 26. Rhd1 Rxd1 27. Rxd1 Bd6 28. Qd3 {und ich glaube nicht, daß die schwarze
Kompensation ausreicht.}) 25. hxg4 (25. Kg2 Nf6 26. Be3 Ne4 $13) 25... Qf4+ 26.
Ke2 Qxg4+ 27. f3 $6 {danach schwebt Weiß bereits in höchster Lebensgefahr} (27.
Kf1 h3 28. Rg1 (28. Bb6 $5) 28... Qh4 $13) (27. Ke1 $5 {Wie soll Schwarz den
Angriff nun weiter führen ? Ich habe keine vielversprechende Möglichkeit
gefunden, z.B.} h3 28. Bb6 Qf3 (28... Rh8 $2 29. Qd3 $18) 29. Rxh3 Qxh3 30.
Bxd8 Qh1+ 31. Ke2 Qh5+ 32. f3 $14 {/+/-}) 27... Qg2+ 28. Bf2 Bg3 29. Rhf1 h3
30. Qa4 $1 (30. Qh7 $2 h2 31. b4 (31. Ke3 g5 32. Qxf7 h1=Q 33. Qxe6+ Kb8 34.
Bxg3+ Ka8 35. Rxh1 Qd2+ 36. Ke4 Qe2+ 37. Kf5 Rf8+ $19) 31... g5 32. b5 Bh4 33.
bxc6 h1=Q 34. Qxf7 Qxf2+ 35. Rxf2 Qxb1 36. Qxe6+ Kc7 37. Qe7+ Kxc6 38. Qxd8
Qc2+ $19) 30... h2 31. Qa8+ Bb8 32. Qa4 $2 (32. Qa5 $1 g5 (32... Bg3 $11) 33.
Rbd1 Rd6 34. Rxd6 Bxd6 35. Rd1 $11) (32. Rh1 $2 g5 $17) 32... Bg3 33. Qa8+ Bb8
34. Qa4 $2 Rh8 $1 {[%mdl 128] Sutovskij führt den Angriff konsequent fort,
statt remis durch Zugwiederholung zu machen.} 35. Rh1 $6 (35. b4 Rh5 $5 (35...
Rh3 36. Qb3 h1=Q 37. Rxh1 Rxh1 38. Rxh1 Qxh1 39. b5 $17) 36. Rbd1 (36. Qd1 Bg3
37. Qd4 h1=Q 38. Rxh1 Bxf2 39. Qg4 Re5+ 40. Kd3 Re3+ 41. Kd2 Be1+ 42. Kxe3 Qd2+
43. Ke4 f5+ $19) 36... Re5+ 37. Kd2 Qxf3 38. Kc1 Re2 $19) 35... Rh3 $19 36. Qb3
Ba7 37. Rbf1 Bxf2 38. Rxf2 Qxh1 39. Qa4 Rh5 0-1

[Event "Guillermo Garcia Memorial-B 08th"]
[Site "Santa Clara"]
[Date "2000.05.28"]
[Round "4"]
[White "Herrera, Irisberto"]
[Black "Del Rio de Angelis, Salvador Gabriel"]
[Result "0-1"]
[WhiteElo "2472"]
[BlackElo "2463"]
[Annotator "Mueller,Karsten"]
[PlyCount "66"]
[EventDate "2000.05.24"]
[EventType "tourn"]
[EventRounds "14"]
[EventCountry "CUB"]
[EventCategory "9"]
[SourceTitle "CBM 078"]
[Source "ChessBase"]
[SourceDate "2000.10.18"]
[SourceVersion "1"]
[SourceVersionDate "2000.10.18"]
[SourceQuality "1"]

1. e4 d5 2. exd5 Qxd5 3. Nc3 Qd8 4. d4 Nf6 5. Nf3 c6 6. Bc4 Bf5 7. Ne5 e6 8. g4
Bg6 9. h4 Bb4 (9... Nbd7 10. Nxd7 Qxd7 11. h5 Be4 12. Nxe4 Nxe4 13. Be3 $14 {
1-0 Lutz,C-Adams,M/Frankfurt GER 1999 (63)}) 10. f3 (10. h5 Be4 (10... Bxc2 $2
11. Qxc2 Qxd4 12. f4 Nxg4 13. Nxg4 Qxc4 14. h6 $16) 11. Rh3 Nbd7 12. Qe2 {
1-0 Ponomariov,R-Garcia Ilundain,D/Pamplona 1996/CBM 57/[Jacoby] (26)}) 10...
Bxc2 11. Qxc2 Qxd4 12. Qe2 (12. f4 Nbd7 (12... Nxg4 13. Nxg4 Qxc4 $13) 13. Nxd7
Nxg4 $13) 12... b5 $6 (12... Bxc3+ 13. bxc3 Qxc3+ 14. Kf2 Qxa1 {ist wohl der
kritische Test. Die folgende Partie wäre genauer unter die Lupe zu nehmen:} 15.
Rd1 (15. Nxf7 $5) 15... Qc3 16. Bb2 Qb4 17. Nxf7 O-O 18. Bxf6 gxf6 19. Qxe6 Qc3
20. Rd8 Nd7 21. Rxa8 Qd4+ 22. Kg2 Qd2+ 23. Kh3 Kg7 24. Qe7 Qf4 25. Ng5+ {
1-0 Perez,L-Lopez Martinez,J/Varadero CUB 2000 (25)}) 13. Bb3 $2 (13. Nxf7 $1
Bxc3+ (13... O-O 14. Bxe6 Rxf7 15. Bxf7+ Kxf7 16. Bd2 $16) 14. Kf1 O-O 15. Bxe6
$16) 13... Bxc3+ 14. bxc3 Qxc3+ 15. Kf2 Qxa1 16. Rd1 Qc3 17. Nxf7 O-O 18. Bxe6
(18. Qxe6 Nbd7 19. Bd2 Qb2 20. Qxc6 Rac8 {und es geht nicht recht weiter.})
18... Na6 19. Bb2 Qc5+ 20. Bd4 Qe7 21. g5 Ng4+ 22. Kg2 Rxf7 23. fxg4 Re8 24.
Re1 Nc7 (24... Kh8 $5) 25. Bxf7+ Qxf7 26. Be5 Nd5 27. Kg3 Nb6 28. Qc2 Nc4 29.
Qc3 $6 {läßt die folgende Abwicklung ins einfach gewonnene Bauernendspiel zu:}
Nxe5 30. Rxe5 Qc7 31. Kf4 Rxe5 32. Qxe5 Qxe5+ 33. Kxe5 c5 0-1

[Event "Pamplona"]
[Site "Pamplona"]
[Date "2000.01.03"]
[Round "7"]
[White "Almasi, Zoltan"]
[Black "Magem Badals, Jordi"]
[Result "1-0"]
[WhiteElo "2663"]
[BlackElo "2528"]
[Annotator "Mueller,Karsten"]
[PlyCount "57"]
[EventDate "1999.12.27"]
[EventType "tourn"]
[EventRounds "9"]
[EventCountry "ESP"]
[EventCategory "15"]
[SourceTitle "CBM 075"]
[Source "ChessBase"]
[SourceDate "2000.04.05"]
[SourceVersion "1"]
[SourceVersionDate "2000.04.05"]
[SourceQuality "1"]

1. e4 d5 2. exd5 Qxd5 3. Nc3 Qa5 4. d4 Nf6 5. Nf3 c6 6. Bc4 Bg4 7. Bd2 e6 8. h3
Bh5 9. g4 Bg6 10. Ne5 Nbd7 11. Nxg6 hxg6 12. g5 (12. Qe2 Bb4 13. O-O-O O-O-O
14. a3 Bxc3 15. Bxc3 Qc7 16. Qf3 Nb6 17. Bb3 g5 18. Bd2 Rxd4 19. Bxg5 $14 {
Cramling,P-Rogers,I/Biel 1984/MCL 02 (46)}) 12... Nh5 13. Ne4 (13. Qg4 Bb4 14.
O-O-O O-O-O 15. a3 Bxc3 16. Bxc3 Qf5 17. Bd2 Nb6 18. Bb3 $14 {1-0 Velikhanli,
F-Galliamova,A/Rostov 1995/EXT 95 (53)}) 13... Qc7 (13... Qf5 $5) 14. Qf3 $14
Nb6 15. Bb3 O-O-O 16. c3 Kb8 17. O-O-O Nc8 18. Rhe1 Nd6 19. Nxd6 Bxd6 20. Re4
Rd7 21. Be3 Qa5 $2 (21... Rhd8 $142 $14) 22. d5 $3 {[%mdl 32]} exd5 23. Ra4 Qd8
$6 (23... Qb5 $5 {war besser, obgleich die schwarze Stellung nach} 24. Bxa7+
Kc7 25. Be3 {kein Vertrauen erweckt.}) 24. Bxa7+ Kc8 25. Be3 Bb8 26. Qg4 b5 $6
(26... f5 $6 27. gxf6 Nxf6 28. Qxg6 Rxh3 29. Bc2 $18) (26... Qc7 $5 27. Ra8 b5
28. a4 $16) 27. Ra6 $1 $18 Kb7 (27... f5 28. Rxc6+ Kb7 29. Qd4 Kxc6 30. Qc5+
Kb7 31. Qxb5+ Kc8 32. Qa6+ Rb7 33. Bxd5 Qxd5 (33... Qd7 34. Bxb7+ Qxb7 35. Qe6+
Qd7 36. Qxd7#) 34. Rxd5 $18) 28. Rb6+ Kc7 29. Qb4 (29. Qb4 Ba7 30. Qa5 Qa8 31.
Ra6+ Kb8 32. Bxd5 cxd5 33. Qxb5+ Qb7 34. Bxa7+ Kc8 35. Qa5 $18) 1-0

[Event "Pamplona"]
[Site "Pamplona"]
[Date "1999.12.30"]
[Round "4"]
[White "Polgar, Judit"]
[Black "Magem Badals, Jordi"]
[Result "1-0"]
[WhiteElo "2671"]
[BlackElo "2528"]
[Annotator "Mueller,Karsten"]
[PlyCount "113"]
[EventDate "1999.12.27"]
[EventType "tourn"]
[EventRounds "9"]
[EventCountry "ESP"]
[EventCategory "15"]
[SourceTitle "CBM 075"]
[Source "ChessBase"]
[SourceDate "2000.04.05"]
[SourceVersion "1"]
[SourceVersionDate "2000.04.05"]
[SourceQuality "1"]

1. e4 {Hecht} d5 2. exd5 Qxd5 3. Nc3 Qa5 4. d4 Nf6 5. Bc4 c6 6. Bd2 Bf5 7. Qe2
e6 8. O-O-O Bb4 9. Nf3 Nd5 10. Nxd5 Bxd2+ 11. Nxd2 (11. Qxd2 Qxd2+ 12. Rxd2
cxd5 13. Bb3 Ke7 $11 {1/2-1/2 Schleicher,G-Michaelsen,N/Hamburg 1993/EXT 93op 
(31)}) 11... cxd5 12. Nb3 Qd8 13. Bb5+ Kf8 $1 (13... Ke7 $6 14. g4 Bg6 15. f4
$36 {1-0 Morawietz,D-Wacker,P/NRW-II 1995/GER 10 (45)}) 14. Kb1 ({Auf} 14. g4
$2 {ist nun} Qg5+ {möglich.}) 14... h5 15. h3 h4 $11 16. g4 hxg3 17. fxg3 Nd7
18. Bd3 Bxd3 19. Rxd3 Rh6 20. h4 Kg8 21. Nd2 Qf6 22. Nf3 Qf5 23. Re1 Rc8 24.
Ng5 Rf6 25. Qd1 Qg6 26. Nh3 Qh6 27. h5 Rc6 28. g4 Qh7 29. Qd2 Nb6 30. Qb4 Kh8
31. Qe7 Qg8 32. Qxb7 Qe8 33. b3 Nc8 34. Ng5 Nd6 35. Qb4 Rf2 36. Rc3 Rxc3 $2 (
36... Rb6 $142) 37. Qxc3 Qd8 38. Qg3 Qf6 39. Qe5 Rg2 40. Qxd6 Qxg5 41. Qf8+ Kh7
42. Qxf7 Rxg4 43. Qxe6 Rxd4 44. Rh1 Re4 45. Qf7 Re7 46. Qf1 a5 47. Rg1 Qe5 48.
Qd3+ Qe4 49. Rg5 Rd7 $6 (49... Qxd3 {war zäher. Allerdings sollte die Stellung
auch nach} 50. cxd3 Re1+ 51. Kb2 Re2+ 52. Ka3 d4 53. Rxa5 {verloren sein.}) 50.
Rxd5 $1 $18 {[%mdl 4160]} Qxd3 51. Rxd3 Rxd3 52. cxd3 Kh6 53. Kc2 Kxh5 {
Hecht: '[#] Thema: Zwei durch eine Linie getrennte Freibauern verteidigen sich
selbst.'} 54. Kd2 Kg4 (54... g5 55. Ke3 Kh4 56. Kf2 Kh3 57. Kg1 Kg3 58. a3 Kf4
59. b4 $18) 55. a3 (55. a4 {Hecht} g5 56. b4 axb4 57. a5 $18) 55... g5 56. b4
axb4 57. axb4 1-0